Computer networking : (Record no. 17552)
[ view plain ]
| 000 -LEADER | |
|---|---|
| fixed length control field | 00939pam a2200289 a 4500 |
| 001 - CONTROL NUMBER | |
| control field | 014908587 |
| 003 - CONTROL NUMBER IDENTIFIER | |
| control field | Uk |
| 005 - DATE AND TIME OF LATEST TRANSACTION | |
| control field | 20131204155757.0 |
| 008 - FIXED-LENGTH DATA ELEMENTS--GENERAL INFORMATION | |
| fixed length control field | 090212t2010 xxua frb 001 0 eng d |
| 020 ## - INTERNATIONAL STANDARD BOOK NUMBER | |
| International Standard Book Number | 0131365487 (pbk.) |
| 020 ## - INTERNATIONAL STANDARD BOOK NUMBER | |
| International Standard Book Number | 9780131365483 (pbk.) |
| 082 04 - DEWEY DECIMAL CLASSIFICATION NUMBER | |
| Classification number | 004.678 |
| Edition number | 22 |
| Item number | KUR |
| 100 1# - MAIN ENTRY--PERSONAL NAME | |
| Personal name | Kurose, James F. |
| 9 (RLIN) | 5614 |
| 245 10 - TITLE STATEMENT | |
| Title | Computer networking : |
| Remainder of title | a top-down approach / |
| Statement of responsibility, etc | James F. Kurose, Keith W. Ross. |
| 250 ## - EDITION STATEMENT | |
| Edition statement | 5th ed. |
| Remainder of edition statement | international edition. |
| 260 ## - PUBLICATION, DISTRIBUTION, ETC. (IMPRINT) | |
| Place of publication, distribution, etc | Boston, United States : |
| Name of publisher, distributor, etc | Pearson, |
| Date of publication, distribution, etc | c.2010. |
| 300 ## - PHYSICAL DESCRIPTION | |
| Extent | 888 p. : |
| Other physical details | ill. ; |
| Dimensions | 24 cm. |
| 500 ## - GENERAL NOTE | |
| General note | Previous ed.: Harlow: Addison-Wesley, 2008. |
| 500 ## - GENERAL NOTE | |
| General note | Index : p. 861-888. |
| 504 ## - BIBLIOGRAPHY, ETC. NOTE | |
| Bibliography, etc | Bibliography : p. 831-860. |
| 650 #0 - SUBJECT ADDED ENTRY--TOPICAL TERM | |
| Topical term or geographic name as entry element | Internet. |
| 9 (RLIN) | 33749 |
| 650 #0 - SUBJECT ADDED ENTRY--TOPICAL TERM | |
| Topical term or geographic name as entry element | Computer networks. |
| 9 (RLIN) | 33750 |
| 653 ## - INDEX TERM--UNCONTROLLED | |
| Resource For college | |
| Arrived date list | September2013 |
| -- | December2013 |
| 655 ## - INDEX TERM--GENRE/FORM | |
| Form subdivision | |
| -- | 34232 |
| 700 1# - ADDED ENTRY--PERSONAL NAME | |
| Personal name | Ross, Keith W., |
| Dates associated with a name | 1956- |
| 9 (RLIN) | 5617 |
| 942 ## - ADDED ENTRY ELEMENTS (KOHA) | |
| Source of classification or shelving scheme | Dewey Decimal Classification |
| Item type | Book - Borrowing |
| Call number prefix | 004.678 KUR |
| Withdrawn status | Item status | Source of classification or shelving scheme | Damaged status | Not for loan | Vendor | Home library | Current library | Shelving location | Date acquired | Source of acquisition | Total Checkouts | Total Renewals | Full call number | Barcode | Date last seen | Date last borrowed | Koha item type | Checked out |
|---|---|---|---|---|---|---|---|---|---|---|---|---|---|---|---|---|---|---|
| Dewey Decimal Classification | Baccah | Central Library | Central Library | Lower Floor | 25/09/2013 | 7 | 52 | 004.678 KUR | 000028959 | 15/07/2025 | 29/10/2018 | Book - Borrowing | ||||||
| Dewey Decimal Classification | Baccah | Central Library | Central Library | Lower Floor | 25/09/2013 | 7 | 39 | 004.678 KUR | 000028960 | 15/07/2025 | 14/10/2019 | Book - Borrowing | ||||||
| Dewey Decimal Classification | Baccah | Central Library | Central Library | Lower Floor | 25/09/2013 | 9 | 71 | 004.678 KUR | 000028961 | 15/07/2025 | 23/10/2024 | Book - Borrowing | ||||||
| Dewey Decimal Classification | Baccah | Central Library | Central Library | Lower Floor | 25/09/2013 | 6 | 37 | 004.678 KUR | 000028962 | 18/12/2018 | 18/12/2018 | Book - Borrowing | 28/11/2019 | |||||
| Dewey Decimal Classification | Baccah | Central Library | Central Library | Lower Floor | 04/12/2013 | 6 | 38 | 004.678 KUR | 000029687 | 15/07/2025 | 24/01/2022 | Book - Borrowing |